000 00444nam a2200181Ia 4500
003 0STCL
008 150530s9999 xx 000 0 und d
040 _aSTCL
_cSTCL
100 _aCarruthers, W.
245 _aModern methods of organic synthesis
250 _a4
260 _bCambridge university press; Cambridge
_c2004
_aCambridge
300 _a493
546 _aEnglish
942 _2ddc
_cBK
999 _c33413
_d33413
005 20220125170311.0